<?xml version="1.0" encoding="UTF-8"?><?xml-stylesheet type="text/xsl" href="static/style.xsl"?><OAI-PMH xmlns="http://www.openarchives.org/OAI/2.0/" xmlns:xsi="http://www.w3.org/2001/XMLSchema-instance" xsi:schemaLocation="http://www.openarchives.org/OAI/2.0/ http://www.openarchives.org/OAI/2.0/OAI-PMH.xsd"><responseDate>2026-06-07T19:00:12Z</responseDate><request verb="GetRecord" identifier="oai:docta.ucm.es:20.500.14352/17907" metadataPrefix="marc">https://docta.ucm.es/rest/oai/request</request><GetRecord><record><header><identifier>oai:docta.ucm.es:20.500.14352/17907</identifier><datestamp>2023-08-26T02:44:23Z</datestamp><setSpec>com_20.500.14352_14</setSpec><setSpec>col_20.500.14352_15</setSpec></header><metadata><record xmlns="http://www.loc.gov/MARC21/slim" xmlns:dcterms="http://purl.org/dc/terms/" xmlns:xsi="http://www.w3.org/2001/XMLSchema-instance" xmlns:doc="http://www.lyncode.com/xoai" xsi:schemaLocation="http://www.loc.gov/MARC21/slim http://www.loc.gov/standards/marcxml/schema/MARC21slim.xsd">
   <leader>00925njm 22002777a 4500</leader>
   <datafield ind2=" " ind1=" " tag="042">
      <subfield code="a">dc</subfield>
   </datafield>
   <datafield ind2=" " ind1=" " tag="720">
      <subfield code="a">Azagra Rueda, Daniel</subfield>
      <subfield code="e">author</subfield>
   </datafield>
   <datafield ind2=" " ind1=" " tag="720">
      <subfield code="a">Mudarra, C.</subfield>
      <subfield code="e">author</subfield>
   </datafield>
   <datafield ind2=" " ind1=" " tag="260">
      <subfield code="c">2017</subfield>
   </datafield>
   <datafield ind2=" " ind1=" " tag="520">
      <subfield code="a">Let C be a subset of ℝn (not necessarily convex), f : C → R be a function and G : C → ℝn be a uniformly continuous function, with modulus of continuity ω. We provide a necessary and sufficient condition on f, G for the existence of a convex function F ∈ CC1ω(ℝn) such that F = f on C and ∇F = G on C, with a good control of the modulus of continuity of ∇F in terms of that of G. On the other hand, assuming that C is compact, we also solve a similar problem for the class of C1 convex functions on ℝn, with a good control of the Lipschitz constants of the extensions (namely, Lip(F) ≲ ∥G∥∞). Finally, we give a geometrical application concerning interpolation of compact subsets K of ℝn by boundaries of C1 or C1,1 convex bodies with prescribed outer normals on K.</subfield>
   </datafield>
   <datafield ind1="8" ind2=" " tag="024">
      <subfield code="a">0024-6115</subfield>
   </datafield>
   <datafield ind1="8" ind2=" " tag="024">
      <subfield code="a">10.1112/plms.12006</subfield>
   </datafield>
   <datafield ind1="8" ind2=" " tag="024">
      <subfield code="a">https://hdl.handle.net/20.500.14352/17907</subfield>
   </datafield>
   <datafield ind1="8" ind2=" " tag="024">
      <subfield code="a">http://onlinelibrary.wiley.com/doi/10.1112/plms.12006/full</subfield>
   </datafield>
   <datafield ind1="8" ind2=" " tag="024">
      <subfield code="a">http://onlinelibrary.wiley.com/</subfield>
   </datafield>
   <datafield ind2="0" ind1="0" tag="245">
      <subfield code="a">Whitney extension theorems for convex functions of the classes C1 and C1ω</subfield>
   </datafield>
</record></metadata></record></GetRecord></OAI-PMH>